000 00671cam a2200157 4500500
005 20260111090137.0
041 _afre
042 _adc
100 1 0 _aDethurens, Pascal
_eauthor
245 0 0 _aGérard-Julien Salvy 100 énigmes de la peinture Hazan, 2025, 360 pages, 45 €.
260 _c2025.
500 _a81
520 _aLa fondation Louis-Vuitton, à Paris, propose une rétrospective de l’œuvre de Gerhard Richter, un panorama complet couvrant soixante ans de création artistique.
786 0 _nÉtudes | - | 13 | 2025-12-30 | p. 125a-126 | 0014-1941
856 4 1 _uhttps://shs.cairn.info/revue-etudes-2025-13-page-125a?lang=fr&redirect-ssocas=7080
999 _c1618517
_d1618517